00302 2200133 4500001002100000005001500021035002000036245003900056300000800095260003300103082000800136084001200144990001200156INLIS00000000000261420250605023738 a0010-0625000200 aMembina Majalah Dinding /cNursito a116 aYogyakarta :bAdicita,c1999 a400 a400 MEM a0320337